Islamic World (Record no. 9576)

MARC details
000 -LEADER
fixed length control field 00442nam a2200169 a 4500
020 ## - INTERNATIONAL STANDARD BOOK NUMBER
ISBN 9780521435109
082 00 - DEWEY DECIMAL CLASSIFICATION NUMBER
Classification number 297.09
Author Cutter ROB
100 ## - MAIN ENTRY--AUTHOR NAME
Author name Robinson, Francis
245 ## - TITLE STATEMENT
Title Islamic World
260 ## - PUBLICATION, DISTRIBUTION, ETC. (IMPRINT)
Place of publication Cambridge
Name of publisher Cambridge University Press
Year of publication 1996
300 ## - PHYSICAL DESCRIPTION
Number of Pages 328p
500 ## - GENERAL NOTE
General note includes index and biblioraphy
505 2# - FORMATTED CONTENTS NOTE
Formatted contents note Appendix, Bibliography, Index
650 ## - SUBJECT ADDED ENTRY--TOPICAL TERM
Topical Term Islamic-History
942 ## - ADDED ENTRY ELEMENTS (KOHA)
Koha item type Reference
700 1# -
-- Robinson, Francis
Holdings
Collection code Home library Current library Shelving location Date acquired Cost, normal purchase price Full call number Accession Number Koha item type
Reference Henry Martyn Institute Library Henry Martyn Institute Library Reference 06/05/2007 1690.00 297.09 ROB 018054 Reference
                   Copyright © 2026 | Henry Martyn Institute | Hyderabad | TS-500052 | INDIA | Implemented by hmi.edu.in
Hit-Count:

Powered by Koha